Antonyms, quizzes on grammar - Statistics

General Stats
  • This quiz has been taken 492 times
  • The average score is 7 of 9
Answer Stats
Word Antonym % Correct
Good Bad
99%
Left Right
99%
Happy Sad
99%
North South
99%
Up Down
98%
West East
98%
Birth Death
95%
Colourful Dull
38%
Confident Nervous
16%
No matching quizzes found
Score Distribution
Percent of People with Each Score
Percentile by Number Answered
Your Score History
You have not taken this quiz